Romanian: Adverbs - Statistics

General Stats
  • This quiz has been taken 7 times
    2 since last reset
  • The average score is 25 of 500
Answer Stats
Română English % Correct
În mod fals Falsely
100%
În mod absolut/Cu desăvârșire (also completely, totally) Absolutely
50%
Absurd de/În mod absurd Absurdly
50%
Aproape/Aproape că/Pe aproape Almost
50%
Cu anxietate/Cu nerăbdare (also eagerly) Anxiously
50%
În mod autentic Authentically
50%
Cu calm/În mod calm Calmly
50%
În mod candid Candidly
50%
În mod casual/În mod relaxat Casually
50%
În mod clinic Clinically
50%
În mod critic/În stare critică Critically
50%
În mod decent Decently
50%
Delicios de/În mod delicios Deliciously
50%
În mod diplomatic/Cu diplomație Diplomatically
50%
În mod energic/Cu energie Energetically
50%
Din punct de vedere financiar/Pe plan financiar/În mod financiar Financially
50%
În mod fluent Fluently
50%
În mod genetic/Din punct de vedere genetic Genetically
50%
Cu bucurie/În mod fericit Happily
50%
În mod armonios Harmoniously
50%
Aici/Pe aici Here
50%
Incredibil de/În mod incredibil (also unbelievably) Incredibly
50%
În mod intens Intensely
50%
În mod intenționat Intentionally
50%
Cu ironie/În mod ironic Ironically
50%
În mod iresponsabil Irresponsibly
50%
Cu bună știință/În mod conștient Knowingly
50%
La nivel local/Pe plan local Locally
50%
În mod masiv Massively
50%
Între timp Meanwhile
50%
În mod mental Mentally
50%
În mod misterios Mysteriously
50%
În mod particular/Deosebit de (also very, especially) Particularly
50%
În mod potențial Potentially
50%
În mod rapid Quickly
50%
În mod sever/În mod grav/În mod dur Severely
50%
În mod solid Solidly
50%
În mod spiritual/Din punct de vedere spiritual Spiritually
50%
Cu tărie/În mod puternic Strongly
50%
Cu succes/Cu reușită Successfully
50%
Apoi Then
50%
Acolo There
50%
Deci (also so, hence) Therefore
50%
În totalitate Totally
50%
Fără urmă de ironie Unironically
50%
Foarte Very
50%
Când/Atunci când When
50%
De ce Why
50%
Din abundență/Din belșug/În mod abundent (also profusely) Abdundantly
0%
Anormal de Abnormally
0%
Deasupra (also over)/Mai sus Above
0%
Mai presus de toate (also most of all)/Mai presus de orice Above all
0%
În afara țării/În străinătate/Peste hotare Abroad
0%
În mod brusc (also suddenly) Abruptly
0%
În mod accidental Accidentally
0%
Cu exactitate Accurately
0%
În mod activ Actively
0%
De fapt chiar Actually
0%
În plus față de asta Additionally
0%
După un timp/După o vreme After a while
0%
Din nou/Iarăși/Iar Again
0%
Din nou și din nou/Iar și iar/Mereu și mereu Again and again
0%
În mod agresiv/Cu agresivitate Aggressively
0%
Cu în urmă Ago
0%
În avantaj (games) Ahead
0%
Fără scop Aimlessly
0%
Una peste alta All in all
0%
Peste tot pe/Pe tot/Pe toată/În toate părțile (also everywhere) All over
0%
Demult/Cu mult timp în urmă (also long ago)/În urmă cu mult timp A long time ago
0%
Cu voce tare/Pe voce (also out loud) Aloud
0%
Deja Already
0%
În regulă (also okay, fine)/De acord Alright
0%
În regulă atunci Alright then
0%
De asemenea Also
0%
Cu totul/În total (also in total) Altogether
0%
Întotdeauna/Mereu Always
0%
Cu mânie Angrily
0%
În mod anual Annually
0%
Oricând (also whenever) Anytime
0%
Oricum Anyway
0%
Pe oriunde Anywhere
0%
Se pare că/În mod aparent Apparently
0%
În mod corespunzător Appropriately
0%
Cam (also about, around, kind of, rather, somewhat) Approximately
0%
Ca întotdeauna As always
0%
Ca precauție As a precaution
0%
Cât mai curând posibil As soon as possible
0%
Pe rând At a time
0%
Cel puțin/Măcar At least
0%
În mod atroce Atrociously
0%
Cu atenție/În mod atent Attentively
0%
În frunte At the head of
0%
În acest moment/În momentul de față At the moment
0%
În același timp At the same time
0%
În mod automat Automatically
0%
Deoparte (also aside) Away
0%
O vreme Awhile
0%
Înapoi (also back) Backward
0%
În mod prost Badly
0%
În mod frumos Beautifully
0%
Iată (also here, there) Behold
0%
În mod credibil Believably
0%
Mai jos Below
0%
Mai bine Better
0%
Pe față (also openly) Blatantly
0%
În mod orb Blindly
0%
Fără menajamente Bluntly
0%
Pe scurt (also in short)/Pentru scurt timp (also for a short time) Briefly
0%
Cu brutalitate/În mod brutal Brutally
0%
Bineînțeles (also of course) By all means
0%
Din întâmplare By chance
0%
Din coincidență/Prin coincidență By coincidence
0%
Apropo By the way
0%
Cu grijă/Cu atenție Carefully
0%
În mod catastrofal Catastrophically
0%
Cu siguranță/În mod cert Certainly
0%
Cu veselie/În mod vesel (also joyfully) Cheerfully
0%
În mod cronologic Chronologically
0%
În mod clar Clearly
0%
În mod coerent/Cu coerență Coherently
0%
În mod coincident/Ca prin coincidență Coincidentally
0%
Cu răceală/În mod rece Coldly
0%
În mod colectiv Collectively
0%
În curând (also soon) Coming soon
0%
În mod comercial/Din punct de vedere comercial Commercially
0%
În mod complet Completely
0%
Cu încredere/În mod încrezător Confidently
0%
În mod consecutiv Consecutively
0%
Cu consecvență/În mod consecvent Consistently
0%
În mod constant Constantly
0%
În mod continuu Continuously
0%
În mod convenabil Conveniently
0%
În mod corect Correctly
0%
În mod crud Crudely
0%
În mod cultural/Din punct de vedere cultural Culturally
0%
În prezent/În mod curent Currently
0%
Zilnic Daily
0%
În mod periculos Dangerously
0%
În mod defensiv Defensively
0%
În mod sigur Definitely
0%
În mod deliberat Deliberately
0%
Pe cale democratică/În mod democratic/Prin vot democratic Democratically
0%
În mod dens Densely
0%
Cu disperare/În mod disperat Desperately
0%
În mod diferit Differently
0%
Pe cale digitală/În mod digital/În format digital Digitally
0%
Nemijlocit/În mod direct Directly
0%
Cu lipsă de respect/În mod lipsit de respect Disrespectfully
0%
În mod distant Distantly
0%
În mod distinct Distinctly
0%
În jos Down
0%
În mod dramatic Dramatically
0%
Lesne/În mod ușor Easily
0%
În mod economic/Din punct de vedere economic/Cu economie Economically
0%
În mod real (also in practice) Effectively
0%
Fără niciun efort/Cu ușurință Effortlessly
0%
Jenant de/Rușinos de Embarrassingly
0%
Cu emoție/În mod emoțional/Din punct de vedere emoțional Emotionally
0%
La nesfârșit Endlessly
0%
Enorm de Enormously
0%
În întregime/În mod întreg Entirely
0%
În mod egal/În egală măsură Equally
0%
Mai ales/În special Especially
0%
În esență Essentially
0%
În mod etern Eternally
0%
În mod etic/Din punct de vedere etic Ethically
0%
În mod etnic/Din punct de vedere etnic Ethnically
0%
Chiar/Până și Even
0%
În mod uniform Evenly
0%
Chiar și acum/Până și acum Even now
0%
În cele din urmă/În mod eventual Eventually
0%
De atunci (also since then) Ever since
0%
De fiecare dată (also each time) Every time
0%
Peste tot (also all over)/Pretutindeni Everywhere
0%
În mod evident Evidently
0%
În mod exact/Chiar așa (also really) Exactly
0%
În mod excelent Excellently
0%
Excepțional de/În mod excepțional/Într-un mod excepțional Exceptionally
0%
În mod exclusiv Exclusively
0%
În mod explicit Explicitly
0%
În mod exquisit Exquisitely
0%
În mod extern Externally
0%
Extrem de Extremely
0%
Departe/În mod îndepărtat Far
0%
În mod fatal Fatally
0%
În mod favorabil Favourably
0%
În mod figurativ Figuratively
0%
În mod final Finally
0%
Cu fermitate/În mod ferm Firmly
0%
Mai întâi (also first of all) First
0%
În primul rând (also first of all) Firstly
0%
Pentru o schimbare/Ca să mai schimbăm/Pentru variație For a change
0%
Cu forță/În mod forțat Forcefully
0%
Pentru totdeauna/Veșnic/Pe vecie Forever
0%
În cea mai mare parte For the most part
0%
Din fericire (also luckily)/Cu noroc Fortunately
0%
Înainte (also ahead, before) Foward
0%
În mod franc Frankly
0%
Cu frenezie/În mod frenetic Frantically
0%
În mod liber Freely
0%
În mod frecvent Frequently
0%
Proaspăt Freshly
0%
Din spatele From behind
0%
Pe deplin Fully
0%
În mod fundamental Fundamentally
0%
În mod general Generally
0%
În general vorbind Generally speaking
0%
Abia (also barely, only, just)/Cu greu/Aproape deloc Hardly
0%
Fără a face rău/În mod inofensiv Harmlessly
0%
În mod ridicat Highly
0%
În mod hilar Hilariously
0%
Din punct de vedere istoric Historically
0%
Pe bune (also really, seriously, for real, honestly) Honest
0%
Cinstit/În mod sincer/Cu sinceritate (also sincerly) Honestly
0%
Cu speranță/Cu nădejdea/În mod speranțios Hopefully
0%
Pe orizontală/În mod orizontal Horizontally
0%
În mod groaznic Horribly
0%
Cum (also as, like) How
0%
Cu umilință/Cu smerenie/În mod umil Humbly
0%
În mod ilegal Illegally
0%
În mod ilegitim Illegitimately
0%
În mod imediat Immediately
0%
În mod imens Immensely
0%
Cu nerăbdare/În mod nerăbdător Impatiently
0%
În mod impecabil Impeccably
0%
Într-un anumit fel In a certain way
0%
Din neatenție Inadvertently
0%
În grabă In a hurry
0%
Într-o clipă In a moment
0%
În mod necorespunzător Inappropriately
0%
În hohote (also in waves/fits) In bursts
0%
În caz de In case
0%
În mod neîncetat Incessantly
0%
În mod incoerent Incoherently
0%
Inconceput de/Dincolo de orice imaginație (also beyond imagination) Inconceivably
0%
În mod inconvenient Inconveniently
0%
În mod incorect Incorrectly
0%
Din ce în ce mai/Tot mai Increasingly
0%
În mod indecis Indecisively
0%
În mod indirect/Pe ocolite (also in a roundabout way) Indirectly
0%
În mod nediscriminatoriu Indiscriminately
0%
În mod individual Individually
0%
În mod ineficient Ineffectively
0%
În mod inevitabil Inevitably
0%
În mod infam Infamously
0%
În mod infinit Infinitely
0%
Puțin frecvent Infrequently
0%
În mod inițial Initially
0%
În ordine In order
0%
Înăuntru/Înuntru Inside
0%
În mod instant Instantly
0%
În loc Instead
0%
În mod inteligent/Cu inteligență Intelligently
0%
Unul în locul altuia (also in each other's place)/În mod interschimbabil Interchangeably
0%
În mod interesant Interestingly
0%
În mod intern/În interiorul său (also within) Internally
0%
În mod internațional/La nivel internațional/Pe plan internațional Internationally
0%
La început (also at first) In the beginning
0%
În cele din urmă (also finally, eventually) In the end
0%
În mod involuntar Involuntarily
0%
În mod irezistibil/Într-un mod irezistibil/Irezistibil de Irresistibly
0%
La fel ca/Ca și/Exact ca/Chiar ca Just like
0%
Fix așa/Așa pur și simplu/Uite așa Just like that
0%
Cu bunătate/Cu amabilitate/Cu bunăvoință/În mod amabil Kindly
0%
Un fel de Kind of
0%
În mare măsură Largely
0%
În ultima vreme/În ultimul timp Lately
0%
De râs Laughably
0%
În mod legal/Din punct de vedere legal/Din punct de vedere juridic Legally
0%
În mod legitim Legitimately
0%
Mai puțin Less
0%
În mod fin (also finely) Lightly
0%
La propriu/În mod literal Literally
0%
În mod logic Logically
0%
În mod lejer/În linii mari (also roughly, broadly) Loosely
0%
În mod zgomotos (also noisily) Loudly
0%
Cu dragoste/Cu iubire (also with love) Lovingly
0%
Noroc că Luckily
0%
Nebunește/Cu nebunie/În mod nebunesc Madly
0%
În mod magnific Magnificently
0%
Cu măreție/În mod majestuos Majestically
0%
În mod manual Manually
0%
Multe ori Many times
0%
În mod marginal Marginally
0%
Poate Maybe
0%
Din punct de vedere medical/În mod medical Medically
0%
În mod nemilos Mercilessly
0%
Din punct de vedere metabolic Metabolically
0%
În mod minim/Într-o măsură minimă Minimally
0%
În chip miraculos/Ca prin minune/În mod miraculos Miraculously
0%
În mod greșit/În mod eronat Mistakenly
0%
Cu batjocură/În mod batjocoritor Mockingly
0%
În mod moderat Moderately
0%
De fiecare lună/În mod lunar Monthly
0%
În mod morbid Morbidly
0%
Mai (also still, anymore) More
0%
De moarte/În mod mortal Mortally
0%
În mare parte (also for the most part) Mostly
0%
În mod mutual Mutually
0%
La nivel național/Pe plan național Nationally
0%
În mod natural Naturally
0%
Aproape de (also close to) Near
0%
Neapărat/În mod necesar Necessarily
0%
În mod negativ Negatively
0%
În mod vecinește Neighbourly
0%
Nici (also nor, not) Neither
0%
Cu nervozitate/În mod nervos Nervously
0%
Niciodată Never
0%
În mod nou Newly
0%
Nu mai (also no more) No longer
0%
În mod normal Normally
0%
Deloc Not at all
0%
Nu e rău Not bad
0%
Nimic altceva decât (also nothing more than) Nothing but
0%
În mod notoriu Notoriously
0%
Nu chiar (also not quite, not exactly) Not really
0%
Nu atât (de) Not so
0%
Niciunde (also anywhere)/Nicăieri Nowhere
0%
În mod obiectiv Objectively
0%
În mod enervant Obnoxiously
0%
În mod ocazional Occasionally
0%
Firește/Desigur Of course
0%
La o parte (also aside) Off
0%
În mod ofensator Offensively
0%
În mod oficial Officially
0%
De multe ori (also many times) Often
0%
O dată/Odată ce Once
0%
Odată pentru totdeauna Once and for all
0%
Pe cont propriu/Fără ajutor (also without help) On my own
0%
În mod deschis Openly
0%
Pe cale orală/În mod oral Orally
0%
Altfel (also else)/În caz contrar/Altminteri Otherwise
0%
Pe acolo/Încolo Over there
0%
Dureros de/Cu durere/În mod dureros Painfully
0%
În mod nedureros Painlessly
0%
În mod parțial Partially
0%
Cu pasiune/În mod pasionat Passionately
0%
Cu răbdare/În mod răbdător Patiently
0%
În mod pașnic Peacefully
0%
La sută/Procentual Percent
0%
În mod perfect Perfectly
0%
Poate că Perhaps
0%
În mod permanent Permanently
0%
În mod perpetuu Perpetually
0%
În mod personal/Din punctul meu de vedere Personally
0%
În joacă/În mod jucăuș Playfully
0%
În mod plăcut Pleasantly
0%
Cu politețe/În mod politicos Politely
0%
În mod prost Poorly
0%
În mod pozitiv/Într-un mod pozitiv Positively
0%
În mod posibil Possibly
0%
În mod practic Practically
0%
În mod previzibil Predictably
0%
În mod prematur Prematurely
0%
Se presupune că (also supposedly) Presumably
0%
În mod principal Primarily
0%
În mod privat Privately
0%
În mod probabil Probably
0%
În mod profesionist/Cu profesionalism Professionally
0%
În mod profund Profoundly
0%
În mod progresiv Progressively
0%
Cum se cuvine Properly
0%
Cu mândrie/În mod mândru Proudly
0%
În mod public Publicly
0%
În mod pur Purely
0%
În liniște/În mod liniștit Quietly
0%
Destul de Quite
0%
În mod radical Radically
0%
În mod aleatoriu Randomly
0%
Rareori/În mod rar Rarely
0%
În mod rațional Rationally
0%
În mod realist Realistically
0%
De-a dreptul Really
0%
În mod rezonabil Reasonably
0%
De curând Recently
0%
În mod necugetat/Fără prudență Recklessly
0%
Cu regret/În mod regretabil Regrettably
0%
Cu regularitate/În mod regulat Regularly
0%
În mod relativ Relatively
0%
În mod necruțător/În mod implacabil Relentlessly
0%
În mod religios/Cu sfințenie Religiously
0%
Cu reticență Reluctantly
0%
Cu respect/În mod respectuos Respectfully
0%
În mod respectiv Respectively
0%
Cu responsabilitate/În mod responsabil Responsibly
0%
În mod ridicol/Ridicol de Ridiculously
0%
Chiar acum Right now
0%
În mod romantic Romantically
0%
În mod nepoliticos Rudely
0%
Cu sadism/În mod sadic Sadistically
0%
Din nefericire/În mod nefericit Sadly
0%
În siguranță/În condiții de siguranță Safely
0%
La fel (also likewise, also) Same
0%
Din punct de vedere științific/În mod științific Scientifically
0%
Pe ascuns/În mod secret Secretly
0%
Parcă (also as if, it seems, kind of, sort of, almost, just about) Seems like
0%
În mod egoist Selfishly
0%
În mod separat Separately
0%
În serios/În mod serios Seriously
0%
În tăcere/În mod silențios Silently
0%
Pur și simplu/În mod simplu Simply
0%
În mod simultan Simultaneously
0%
Încet/În mod încet Slowly
0%
În mod lin/În mod fără probleme Smoothly
0%
În mod social/Din punct de vedere social Socially
0%
Până acum (also until now, yet, before, by now) So far
0%
Cu blândețe Softly
0%
Cândva (also once)/Într-o bună zi Someday
0%
Altceva Something else
0%
La un moment dat (also at some point) Sometime
0%
Uneori/Câteodată Sometimes
0%
Cumva (also somehow) Someway
0%
Undeva Somewhere
0%
Atât de mult (also so long, that much) So much
0%
Curând/Devreme (also early) Soon
0%
În mod specific Specifically
0%
În mod spontan Spontaneously
0%
Din punct de vedere statistic/În mod statistic Statistically
0%
Conform stereotipurilor/În mod stereotipic Stereotypically
0%
Tot (also all, everything) Still
0%
În mod ciudat Strangely
0%
În mod strategic/Cu strategie Strategically
0%
Cu strictețe/În mod strict Strictly
0%
În mod prostesc/Prostește (also foolishly) Stupidly
0%
În continuare Subsequently
0%
În mod subtil Subtly
0%
Așa (also like this/that) Such
0%
Dintr-o dată Suddenly
0%
În mod suficient Sufficiently
0%
Cică/Chipurile/În mod presupus Supposedly
0%
Surprinzător de/În mod surprinzător Surprisingly
0%
În mod sistematic Systematically
0%
În mod tehnic/Din punct de vedere tehnic Technically
0%
În mod temporar Temporarily
0%
Cu tensiune/Cu încordare/În mod tensionat Tensely
0%
Teribil de Terribly
0%
Adică (also in other words, so) That is
0%
În mod teoretic/Din punct de vedere teoretic Theoretically
0%
Zilele trecute/Mai zilele trecute/Acum câteva zile The other day
0%
De data aceasta This time
0%
În mod temeinic Thoroughly
0%
În mod amenințător Threateningly
0%
Pe tot parcursul/Peste tot în Throughout
0%
Astfel (also such, like this)/Așadar (also so) Thus
0%
În mod strâns Tightly
0%
Împreună/Laolaltă Together
0%
Prea Too
0%
În mod tradițional Traditionally
0%
În mod tragic/Cu tragism/Într-un mod tragic Tragically
0%
Cu adevărat (also really) | Cu adevărat/În mod adevărat Truly
0%
De două ori Twice
0%
Fără condiții/În mod necondiționat Unconditionally
0%
În mod necontrolat Uncontrollably
0%
E de înțeles Understandably
0%
În mod nemeritat Undeservedly
0%
În mod indubitabil Undoubtedly
0%
Fără echivoc/În mod neechivoc Unequivocally
0%
Pe neașteptate/În mod neașteptat Unexpectedly
0%
În mod inexplicabil Unexplainably
0%
De neuitat/În mod de neuitat Unforgettably
0%
Din păcate Unfortunately
0%
În mod neintenționat Unintentionally
0%
În mod unic Uniquely
0%
La nivel universal/În mod universal Universally
0%
Fără să știe/Fără să-și dea seama Unknowingly
0%
Nefiresc de/În mod nenatural Unnaturally
0%
Pe cale neoficială Unofficially
0%
În mod imprevizibil Unpredictably
0%
În mod nerezonabil Unreasonably
0%
În mod nereușit Unsuccessfully
0%
Până în prezent/Până în acest moment (also so far) Until now
0%
Până astăzi/Până azi/Până în ziua de azi Until today
0%
Sus/În sus Up
0%
De urgență/În mod urgent Urgently
0%
În mod inutil Uselessly
0%
De obicei/În mod obișnuit Usually
0%
În mod vag Vaguely
0%
Degeaba (also in vain) Vainly
0%
În mod verbal/Pe cale verbală Verbally
0%
Pe verticală/În mod vertical Vertically
0%
Foarte bine Very well
0%
Cu răutate Viciously
0%
Cu violență/În mod violent Violently
0%
În mod vizibil Visibly
0%
Într-un mod viu (also lively)/În mod viu Vividly
0%
De bunăvoie/De bună voie (also willingly)/În mod voluntar Voluntarily
0%
În mod călduros/Cu căldură Warmly
0%
Săptămânal/În mod săptămânal Weekly
0%
Bine/Păi Well
0%
De fiecare dată când Whenever
0%
Unde Where
0%
Oriunde (also anywhere, everywhere) Wherever
0%
Din toată inima/Cu toată inima Wholeheartedly
0%
Pe scară largă/În mod larg Widely
0%
Cu înțelepciune/În mod înțelept Wisely
0%
Cu dificultate With difficulty
0%
În pas cu moda/Conectat la realitate With it
0%
În mod îngrijorător Worryingly
0%
Încă (also still)/Totuși (also however) Yet
0%
No matching quizzes found
Score Distribution
Percent of People with Each Score
Percentile by Number Answered
Your Score History
You have not taken this quiz since the last reset